00715nam a2200181 a 450000100100000000500170001000800410002704000250006824500340009326000330012730000270016049000290018771000510021683000380026795201050030595201060041099900170051600003745820200930080359.0120418s1997 dr a 000 0 spa d aDO-SdBNPbspacBNPHU00aPerfil de lechosas Hawaianas. aSanto Domingo :bJAD,c1997. a56 p. :bil. ;c25 cm.1 aDocumentos técnicosv822aJunta Agroempresarial Dominicana, (JAD)963903 0aDocumentos técnicos ;n8963909 0010718PDaPDbPDcCTd2012-04-18iLF1l0o p37458-10r2020-06-25w2020-06-25yLFPDZNo se presta 00107-18PDaPDbPDcOId2012-04-18iLF1l0o p37458-20r2020-06-25w2020-06-25yLFPDZNo se presta c36948d36948